00629nam a22001817a 4500003000400000020001800004082001600022100002100038245011400059260004200173300001500215650002100230700002100251700001700272942001200289999001900301952012700320OSt a9788170007098 a020bNAR/LI aNarendra Dodiya  aLibrary and information science gateway for UGC-NET : Volume IIbUGC - NET model question papers with answers aNew DelhibEss Ess Publication c2014 a278 pages; aLibrary science  aNeelesh Malviya  aNeha Dodiya  2ddccCR c140279d140279 00102ddc4070aKAUCLVbKAUCLVcCLOSEDREFd2014-08-27g875.00l5o020 NAR/LIp224162r2021-11-15 00:00:00s2021-11-15yBK